Report on working of minimum wages act (Record no. 496089)

000 -LEADER
fixed length control field 00385cam a22001097a 4500
008 - FIXED-LENGTH DATA ELEMENTS--GENERAL INFORMATION
fixed length control field 180718b1962 xxu||||| |||| 00| 0 eng d
082 ## - DEWEY DECIMAL CLASSIFICATION NUMBER
Classification number R2303x3452
245 ## - TITLE STATEMENT
Title Report on working of minimum wages act
Statement of responsibility, etc. by Department of Industries, Labour and Co-operation
260 ## - PUBLICATION, DISTRIBUTION, ETC.
Place of publication, distribution, etc.
Name of publisher, distributor, etc. Government of Madras
Date of publication, distribution, etc. 1962
300 ## - PHYSICAL DESCRIPTION
Extent 103p
700 ## - ADDED ENTRY--PERSONAL NAME
Personal name Madras. Department of Industries, Labour and Co-operation
Holdings
Withdrawn status Lost status Damaged status Not for loan Permanent Location Current Location Date acquired Full call number Barcode Date last seen Price effective from Koha item type
        Indian Institute of Public Administration Indian Institute of Public Administration 2018-08-04 R2303x3452 GG3540 2018-08-04 2018-08-04 GG

Powered by Koha